| 000 | 01434cam a2200337 a 4500 | ||
|---|---|---|---|
| 005 | 20090803184918.0 | ||
| 008 | 070328s2008 nju b 000 0 eng | ||
| 010 | _aENG-96001 | ||
| 020 |
_a9788131718537 (pbk. : alk. paper) _c250.00 |
||
| 035 | _aEN-79534 | ||
| 037 | _bDBAD/VEN | ||
| 040 | _aDPL | ||
| 082 |
_a658.314 _222 |
||
| 100 | _aFyock, Catherine D. | ||
| 245 |
_aThe truth about hiring the best / _cby Cathy Fyock. |
||
| 246 | _aHiring the best | ||
| 260 |
_aNew Delhi _bDorling Kindersley (India) Pvt. Ltd., licensees of Pearson Education _cc2008. |
||
| 270 |
_a14, Local Shopping Centre, panchsheel Park _bNew Delhi _e110017 |
||
| 300 |
_aviii, 215 p. ; _c22 cm. |
||
| 490 | _aThe truth about | ||
| 500 | _aIncludes bibliographical references | ||
| 650 |
_aEmployee motivation _zUnited States. |
||
| 650 |
_aEmployees _zUnited States. |
||
| 650 |
_aSupervisors _zUnited States. |
||
| 830 | _aPrentice Hall truth about series. | ||
| 856 | _uhttp://www.loc.gov/catdir/toc/ecip0716/2007013234.html | ||
| 942 |
_2ddc _cEN _mFYO _h658.314 |
||
| 999 |
_c35154 _d35154 |
||